| 000 | 00397nam a2200133Ia 4500 | ||
|---|---|---|---|
| 008 | 210430s9999 xx 000 0 und d | ||
| 020 | _a 978-0387955582 | ||
| 082 | _a662.2 E9642 E | ||
| 100 |
_aJonas A.Zukas Willam p.Walters _952263 |
||
| 245 |
_aExplosive Effects and Applications _cJonas A.Zukas Willam p.Walters |
||
| 260 |
_aAmerica _bSpringer _c1998 |
||
| 300 | _a431p | ||
| 942 |
_cBK _2ddc |
||
| 999 |
_c562000 _d562000 |
||